Colección de los caractéres de la Imprenta de Miguel Ginesta. (Record no. 183798)
[ view plain ]
| 000 -LEADER | |
|---|---|
| campo de control de longitud fija | 00768nam a2200217 i 4500 |
| 001 - NÚMERO DE CONTROL | |
| campo de control | 183798 |
| 003 - IDENTIFICADOR DE NÚMERO DE CONTROL | |
| campo de control | ES-MaACL |
| 005 - FECHA Y HORA DE LA ÚLTIMA TRANSACCIÓN | |
| campo de control | 20250725035240.0 |
| 008 - DATOS DE LONGITUD FIJA--INFORMACIÓN GENERAL | |
| campo de control de longitud fija | 141015s1872 sp |||| | spa d |
| 080 ## - NÚMERO DE LA CLASIFICACIÓN DECIMAL UNIVERSAL | |
| Número de la Clasificación Decimal Universal | 655 |
| 110 2# - ENTRADA PRINCIPAL--NOMBRE DE ENTIDAD CORPORATIVA | |
| Nombre de entidad corporativa o nombre de jurisdicción como elemento de entrada | Imprenta de Miguel Ginesta. |
| 9 (RLIN) | 155724 |
| 245 10 - MENCIÓN DEL TÍTULO | |
| Título | Colección de los caractéres de la Imprenta de Miguel Ginesta. |
| 246 14 - FORMA VARIANTE DEL TITULO | |
| Título propio/Titulo breve | Muestrario de la Imprenta de Miguel Ginesta |
| 260 ## - PUBLICACIÓN, DISTRIBUCIÓN, ETC. | |
| Lugar de publicación, distribución, etc. | [S.l.] : |
| Nombre del editor, distribuidor, etc. | [s.n.], |
| Fecha de publicación, distribución, etc. | 1872 ( |
| Lugar de fabricación/manufactura | Madrid : |
| Fabricante | [Imp. Miguel Ginesta]) |
| 300 ## - DESCRIPCIÓN FÍSICA | |
| Extensión | [47] h. ; |
| Dimensiones | 24 cm. |
| 530 ## - NOTA DISPONIBLE DE FORMULARIO FÍSICO ADICIONAL | |
| Nota de formato físico adicional disponible | Disponible en formato digital. |
| 650 #7 - PUNTO DE ACCESO ADICIONAL DE MATERIA--TÉRMINO DE MATERIA | |
| Término de materia o nombre geográfico como elemento de entrada | Tipos de imprenta |
| Fuente del encabezamiento o término | embne |
| 9 (RLIN) | 147448 |
| 852 ## - LOCALIZACIÓN | |
| Ubicación | ES-MaACL |
| Número de control de estantería | T-533-F-3 |
| 856 41 - LOCALIZACIÓN Y ACCESO ELECTRÓNICOS | |
| Identificador Uniforme de Recursos | <a href="http://bdh-rd.bne.es/viewer.vm?id=0000048513&page=1 ">http://bdh-rd.bne.es/viewer.vm?id=0000048513&page=1 </a> |
| Nota pública | Biblioteca Digital Hispánica |
| Estatus retirado | Estado de pérdida | Fuente del sistema de clasificación o colocación | Estado de daño | No para préstamo | Colección | Biblioteca de origen | Biblioteca actual | Ubicación en estantería | Fecha de adquisición | Total de préstamos | Signatura topográfica completa | Código de barras | Visto por última vez | Precio de reemplazo | Tipo de ítem Koha |
|---|---|---|---|---|---|---|---|---|---|---|---|---|---|---|---|
| Clasificación decimal universal | Colección de folletos | Biblioteca del Ateneo de Madrid | Biblioteca del Ateneo de Madrid | Depósito folletos | 15/10/2014 | T-533-F-3 | 1193246 | 23/02/2023 | 23/02/2023 | Folleto |
